000 00382nam a2200133Ia 4500
008 220214s9999 xx 000 0 und d
100 _aHebant Charles
245 0 _aOrganisation fonctionnelle du tissu producteur de l' Hevea brasiliensis
260 _bCaoutchoucs et Plastiques
_c1981
300 _a97-100
700 _ade Fay Elisabeth
700 _aDevic Christine
942 _cRE
999 _c46178
_d46178